Responses for show #396 - Monday, March 17, 1986

Contestants

[<< previous game]

Anita Mule, a homemaker from Bronx, New York

Cindy Price, a student from New Haven, Connecticut

Clint Swett, a newspaper copy editor from Sacramento, California (whose 2-day cash winnings total $9,999)

[next game >>]

Jeopardy! Round responses

LANDMARKS
PROVERBS
BROTHERS GRIMM
FACTS & FIGURES
ETIQUETTE
STARTS WITH "D"
    $100 1
Arlington National Cemetery (Tomb of the Unknown Soldier)

Clint
    $100 3
learn

Triple Stumper
    $100 15
cheese

Clint
    $100 6
(Cindy: What is her father?)

the groom

ClintCindy
    $100 9
a daffodil

Cindy
    $200 2
Trafalgar Square

Anita
    $200 4
rocks the cradle

Clint
    $200 16
(Clint: What is Ms.?)
...
(Alex: The pictorial appeared in [*] and one of my writers wrote in and got 3 of the balls [Holds them up]; I leave it to you, ladies and gentlemen to figure out how these 3 and the other 6,997 were used in that article.)
[Laughter]

Playboy magazine

Clint
Triple Stumper
    $200 10
applaud

Clint
    $200 11
damages

Anita
    $300 5
3

Cindy
    $300 23
the truth

Anita
    $300 17
another job

Triple Stumper
    $300 20
(Anita: [*], what is [*]?)

away from yourself

Anita
    $300 12
directory

Cindy
    $400 7
(Alex: The Trevi Fountain; The Four Aces were the performers on that one.)
[The song was not reprised going into the break.]

Rome

Clint
    $400 24
(Anita: [Without ringing in]Until. [Rings in] [*]. What is [*]?)

until she catches him

Anita
    $400 18
(Clint: What is a... wing?)

a squadron

Clint
Triple Stumper
    $400 21
pet their dog (talk to it)

Clint
    $400 13
"Dixie"

Clint
    $500 8
(Clint: What is the Jefferson Memorial?)

Monticello

Clint
Triple Stumper
    $500 25
[The end-of-round signal sounds.]

a lion

Triple Stumper
    $500 19
(Alex: We've got about a minute to go in the round.)

Toronto

Triple Stumper
    $500 22
(Clint: What is a toast? What is give a toast?)
(Cindy: What is get up from the table?)

when is it proper to leave

ClintCindy
Triple Stumper
    $500 14
a detonator

Clint

Scores at the first commercial break (after clue 8):

Clint Cindy Anita
$300 $200 $200

Scores at the end of the Jeopardy! Round:

Clint Cindy Anita
$800 $100 $1,400

Double Jeopardy! Round responses

SCIENTIFIC TERMS
MARYLAND
SPORTS
ANIMAL TRIVIA
SHAKESPEARE'S MEN
TV COPS
    $200 1
a fault

Clint
    $200 11
Francis Scott Key

Cindy
    $200 6
a golf ball

Clint
    $200 16
(Alex: Gotta be fresh blood by the way.)

blood

Clint
    $200 19
Romeo

Cindy
    $200 24
Chief Ironside

Triple Stumper
    $400 2
a leaf

Triple Stumper
    $400 12
(Anita: What is Virginia?)
(Cindy: What is Delaware?)

West Virginia

CindyAnita
Triple Stumper
    $400 7
the pitcher

Clint
    $400 17
male

Anita
    $400 20
Hamlet

Cindy
    $400 25
Art Carney

Triple Stumper
    $600 3
buoyancy

Clint
    $600 13
jousting

Clint
    $1,000 8
(Alex: The Lakers and the Clippers are in the same division.)

pro basketball

Clint
    $600 18
the giraffe

Cindy
    $600 21
Macduff

Clint
    $600 26
The Odd Couple

Anita
    $800 4
fire (combustion)

Anita
    $800 14
H.L. Mencken

Clint
    $800 9
the 1 & the 3

Triple Stumper
    $1,000 22
(Clint: What is Africa?)
...
(Alex: The largest meat-eating animals are Kodiak bears and they are native to [*]... We've got a minute to go in the round.)

North America

Clint
    $800 27
[The end-of-round signal sounds.]

Lady Blue

Anita
    $1000 5
resistance

Clint
    $1000 15
(Alex: Under the Articles of Confederation.)

the first president of the United States

Triple Stumper
    $1000 10
(Alex: But no more sports.)
[Laughter]
(Alex: Where to now?)
(That's unfortunate.)

Maurice ("The Rocket") Richard

Clint
    $1000 23
the Morgan horses

Triple Stumper

Scores at the end of the Double Jeopardy! Round:

Clint Cindy Anita
$6,400 $1,100 $3,600

[wagering suggestions for these scores]

Final Jeopardy! Round responses

MAN IN SPACE
(Alex: All right, we're going to start with Cindy Price, who was in third place. Doing some fast writing at the end there, and laughing about it. You were in third place with $1100. Did you get the right question? Let's take a look.)
(Cindy: Unh-unh.)
(Alex: What is--what do you mean, "Unh-unh"? That's right!)
(Cindy: [Laughing] No-ho-ho!)
(Alex: "What is [*]?" is right. Surprise, surprise, surprise. Yes, they used it only for landing tests. You just put it down because you wanted to make a--)
(Cindy: It was a joke! [Laughs])
[Laughter]
(Alex: [Mock-scoldingly] Not too funny, Cindy.)
CindyWhat is the Enterprise?
$1,100
AnitaWhat is the Discovery
$1,300
ClintWhat is Enterprise?
$801
the Enterprise

Final scores:

Clint Cindy Anita
$7,201 $2,200 $2,300
3-day champion: $17,200 3rd place: Maytag washer & dryer 2nd place: trip on Delta to Hollywood, Florida & stay at the Diplomat

Game dynamics:

Coryat scores:

Clint Cindy Anita
$7,000 $1,100 $3,600
20 R
(including 2 DDs),
5 W
(including 1 DD)
7 R,
3 W
9 R,
1 W

Combined Coryat: $11,700

The J! Archive is created by fans, for fans. The Jeopardy! game show and all elements thereof, including but not limited to copyright and trademark thereto, are the property of Jeopardy Productions, Inc. and are protected under law. This website is not affiliated with, sponsored by, or operated by Jeopardy Productions, Inc. Join the discussion at JBoard.tv.